000
00207 a2200097 4500
001
7134
100
_a
Ramey, R.L
245
_a
Electronics and instrumentation
260
_a
_b
Iliffe
_c
090
_c
5903
_d
5903
942
_a
NUST-CAE
_c
M
_c
32382
999
_c
242207
_d
242207